| 000 | 00900nam a22002417a 4500 | ||
|---|---|---|---|
| 999 |
_c4010 _d4010 |
||
| 003 | AR-CdUCM | ||
| 008 | 190307b ||||| |||| 00| 0 spa d | ||
| 040 |
_aMUNICIPALIDAD PROVINCIAL DEL CUSCO _cBIBLIOTECA MUNICIPAL DEL CUSCO |
||
| 041 | _heng | ||
| 082 |
_a947 / _bL99 |
||
| 100 |
_aLyons, Eugenio _912800 |
||
| 245 |
_aNuestro aliado secreto : _bel pueblo Ruso / |
||
| 260 |
_aMéxico D. F., _bArtes graficas Venero, _c1955. |
||
| 300 |
_a413 paginas ; _c19 cm. |
||
| 500 | _aTitulo original : Our secret allies (the peoples of Russia) | ||
| 505 | _aLa muerte de un déspota -- La guerra civil permanente -- El mito de la unidad Soviética -- Rusia antes de 1917 -- El triunfo de la contrarrevolución... | ||
| 650 |
_aRusia _9499 |
||
| 650 |
_aLos aliados _912801 |
||
| 650 |
_aGuerra civil _91772 |
||
| 700 |
_aCodo, Jose Maria (Traductor) _912802 |
||
| 942 |
_2ddc _cLIBROS |
||
| 945 | _awnts | ||